Research methodology: Techniques and applications (Record no. 397010)

MARC details
000 -LEADER
fixed length control field 00587nam a22002057a 4500
005 - DATE & TIME
control field 20260209130138.0
008 - FIXED-LENGTH DATA ELEMENTS--GENERAL INFORMATION
fixed length control field 260209b |||||||| |||| 00| 0 eng d
020 ## - ISBN
International Standard Book Number 9789350560112
Price Rs. 2700.00
040 ## - CATALOGING SOURCE
Original cataloging agency VIVEKANANDA LIBRARY
082 ## - DDC NUMBER
Classification number 300.72
Book Number R18R
100 ## - MAIN ENTRY--PERSONAL NAME
Personal name Rao, k Hanumantha ed.
245 ## - TITLE STATEMENT
Title Research methodology: Techniques and applications
260 ## - PUBLICATION, DISTRIBUTION, ETC. (IMPRINT)
Place of publication, distribution, etc New Delhi
Name of publisher, distributor, etc Discovery Publishing House
Date of publication, distribution, etc 2025
300 ## - PHYSICAL DESCRIPTION
Pages 269
650 ## - Subject
Subject Research Methodology
650 ## - Subject
Subject Data Collection
650 ## - Subject
Subject Social Science
700 ## - Added Entry Personal Name
Added Entry Personal Name Pasumarti, Srinivasa Subbarao
942 ## - ADDED ENTRY ELEMENTS (KOHA)
Koha item type Books
Holdings
Withdrawn status Lost status Source of classification or shelving scheme Damaged status Not for loan Location (home branch) Sublocation or collection (holding branch) Shelving location Date acquired Koha issues (times borrowed) Koha full call number Accession No. Koha date last seen Koha item type
    Dewey Decimal Classification     VIVEKANANDA LIBRARY VIVEKANANDA LIBRARY Vivekananda Library 09/02/2026   300.72 R18R 443305 09/02/2026 Books
    Dewey Decimal Classification     VIVEKANANDA LIBRARY VIVEKANANDA LIBRARY Vivekananda Library 09/02/2026   300.72 R18R 443306 09/02/2026 Books
© Designed and Maintained by Vivekananda Library, MDU Rohtak